Costumbre de los mallorquines : (Record no. 77324)

MARC details
000 -LEADER
campo de control de longitud fija 00957nam a2200241 i 4500
001 - NÚMERO DE CONTROL
campo de control 77324
003 - IDENTIFICADOR DE NÚMERO DE CONTROL
campo de control ES-MaACL
005 - FECHA Y HORA DE LA ÚLTIMA TRANSACCIÓN
campo de control 20250816234308.0
007 - CAMPO FIJO DE DESCRIPCIÓN FÍSICA--INFORMACIÓN GENERAL
campo de control de longitud fija t|
008 - DATOS DE LONGITUD FIJA--INFORMACIÓN GENERAL
campo de control de longitud fija 041008s1955 sp ||||1| spa d
080 ## - NÚMERO DE LA CLASIFICACIÓN DECIMAL UNIVERSAL
Número de la Clasificación Decimal Universal 39(460.32 Mallorca)"18"
100 1# - ENTRADA PRINCIPAL--NOMBRE DE PERSONA
Nombre de persona Ludwig Salvator, Erzherzog von Österreich.
9 (RLIN) 47447
245 10 - MENCIÓN DEL TÍTULO
Título Costumbre de los mallorquines :
Resto del título (artesanía y folklore) /
Mención de responsabilidad, etc. Luis Salvador Habsburgo-Lorena ; [traducción del alemán por José Sureda Blanes].
260 ## - PUBLICACIÓN, DISTRIBUCIÓN, ETC.
Lugar de publicación, distribución, etc. Palma de Mallorca :
Nombre del editor, distribuidor, etc. [s.n.],
Fecha de publicación, distribución, etc. 1955 (
Fabricante Imp. Mossén Alcover)
300 ## - DESCRIPCIÓN FÍSICA
Extensión VIII, 202 p., 7 lám. :
Otras características físicas il. ;
Dimensiones 24 cm.
490 1# - MENCIÓN DE SERIE
Mención de serie Las Baleares descritas por la palabra y el grabado
651 #4 - PUNTO DE ACCESO ADICIONAL DE MATERIA--NOMBRE GEOGRÁFICO
Nombre geográfico Mallorca-
Subdivisión general Usos y costumbres.
9 (RLIN) 173692
651 #4 - PUNTO DE ACCESO ADICIONAL DE MATERIA--NOMBRE GEOGRÁFICO
Nombre geográfico Mallorca-
Subdivisión general Historia.
9 (RLIN) 9016
700 1# - ENTRADA AGREGADA--NOMBRE PERSONAL
Nombre de persona Sureda Blanes, Josep.
9 (RLIN) 204057
830 14 - PUNTO DE ACCESO ADICIONAL DE SERIE-TÍTULO UNIFORME
Título uniforme Las Baleares descritas por la palabra y el grabado
9 (RLIN) 231343
852 ## - LOCALIZACIÓN
Ubicación ES-MaACL
Número de control de estantería C-9482
Holdings
Estatus retirado Estado de pérdida Estado de daño No para préstamo Biblioteca de origen Biblioteca actual Ubicación en estantería Fecha de adquisición Fuente de adquisición Total de préstamos Signatura topográfica completa Código de barras Visto por última vez Precio de reemplazo Tipo de ítem Koha
        Biblioteca del Ateneo de Madrid Biblioteca del Ateneo de Madrid Sala Palomar 17/01/2008     C-9482 1080905 23/02/2023 23/02/2023 Libro impreso